[Event "Dundee & Angus Congress Major"]
[Site "Dundee"]
[Date "2011.10.16"]
[Round "4"]
[White "Livie, George WG"]
[Black "Robertson, Jim"]
[Result "1-0"]
[WhiteElo "1623"]
[BlackElo "1479"]
[PlyCount "43"]
[EventDate "2011.10.14"]
[EventType "swiss"]
[EventRounds "5"]
[EventCountry "SCO"]
[SourceTitle "EXT 2023"]
[Source "ChessBase"]
[SourceDate "2022.10.05"]
[SourceVersion "1"]
[SourceVersionDate "2022.10.05"]
[SourceQuality "1"]

1. c4 e6 2. Nf3 d5 3. g3 c6 4. Bg2 f5 5. cxd5 exd5 6. d4 Nf6 7. 0-0 Bd6 8. Nc3 Nbd7 9. Bh3 Ng4 10. Nh4 Qf6 11. e4 dxe4 12. Bxg4 fxg4 13. Nxe4 Qf8 14. Nxd6+ Qxd6 15. Re1+ Kf7 16. Nf5 Qd5 17. Ne3 Qf3 18. Qb3+ Kg6 19. Qd3+ Kh5 20. Ng2 g5 21. Nf4+ Kh6 22. Re3 1-0

[Event "Dundee & Angus Congress Major"]
[Site "Dundee"]
[Date "2011.10.15"]
[Round "3"]
[White "Morris, Ian"]
[Black "Livie, George WG"]
[Result "0-1"]
[WhiteElo "1431"]
[BlackElo "1623"]
[PlyCount "90"]
[EventDate "2011.10.14"]
[EventType "swiss"]
[EventRounds "5"]
[EventCountry "SCO"]
[SourceTitle "EXT 2023"]
[Source "ChessBase"]
[SourceDate "2022.10.05"]
[SourceVersion "1"]
[SourceVersionDate "2022.10.05"]
[SourceQuality "1"]

1. c4 Nf6 2. Nc3 e6 3. g3 d5 4. cxd5 exd5 5. Bg2 c6 6. d4 Be7 7. Nf3 Nbd7 8. 0-0 0-0 9. Re1 Re8 10. Qc2 Bd6 11. e4 dxe4 12. Nxe4 Nxe4 13. Rxe4 Rxe4 14. Qxe4 Nf6 15. Qd3 h6 16. Bd2 Be6 17. a3 Qd7 18. Re1 Bc7 19. Ne5 Qd6 20. Qe2 Rd8 21. Bc3 Bb6 22. Rd1 Bd5 23. Qc2 Qe6 24. Qe2 Bc7 25. Qe3 Bxg2 26. Kxg2 Bxe5 27. d5 Nxd5 28. Qxe5 Qxe5 29. Bxe5 Ne3+ 30. fxe3 Rxd1 31. Kf3 f6 32. Bd4 b6 33. Ke2 Rh1 34. h4 c5 35. Bc3 Kf7 36. Kf2 Rh2+ 37. Kf3 Ke6 38. e4 a6 39. Ke3 b5 40. b4 c4 41. Bd2 Rg2 42. Be1 Ra2 43. Bf2 Rxa3+ 44. Kd2 Ke5 45. Kc2 Ra2+ 0-1

[Event "Prestwick Airport Major"]
[Site "Prestwick"]
[Date "2011.05.15"]
[Round "4"]
[White "Livie, George WG"]
[Black "Monaghan, Mark"]
[Result "0-1"]
[WhiteElo "1618"]
[BlackElo "1675"]
[PlyCount "86"]
[EventDate "2011.05.13"]
[EventType "swiss"]
[EventRounds "5"]
[EventCountry "SCO"]
[SourceTitle "EXT 2023"]
[Source "ChessBase"]
[SourceDate "2022.10.05"]
[SourceVersion "1"]
[SourceVersionDate "2022.10.05"]
[SourceQuality "1"]

1. c4 e5 2. g3 f5 3. Nc3 Nf6 4. Bg2 c6 5. d4 e4 6. Nh3 d5 7. cxd5 cxd5 8. Bf4 Bd6 9. Qb3 Nc6 10. e3 Na5 11. Qd1 0-0 12. Bf1 a6 13. Be2 b5 14. 0-0 Kh8 15. Be5 Bxe5 16. dxe5 Ng4 17. Nf4 Nxe5 18. Ncxd5 Nac4 19. Qd4 Nc6 20. Qc3 Bd7 21. Rad1 Ra7 22. Kg2 Nb6 23. Nxb6 Qxb6 24. Rd6 b4 25. Qd2 Qc7 26. Rc1 Qc8 27. Nd5 Qb8 28. Rdxc6 Bxc6 29. Rxc6 Rd8 30. Qc2 Qe5 31. Nxb4 a5 32. Rc8 Ra8 33. Rxd8+ Rxd8 34. Na6 f4 35. exf4 Qe8 36. a3 e3 37. fxe3 Qxe3 38. b4 axb4 39. Nxb4 Re8 40. Bf3 Qe1 41. a4 Rd8 42. Nd3 Qa5 43. Qa2 Rd6 0-1

[Event "Prestwick Airport Major"]
[Site "Prestwick"]
[Date "2011.05.13"]
[Round "1"]
[White "Alomenu, Gilbert"]
[Black "Livie, George WG"]
[Result "0-1"]
[WhiteElo "1154"]
[BlackElo "1618"]
[PlyCount "70"]
[EventDate "2011.05.13"]
[EventType "swiss"]
[EventRounds "5"]
[EventCountry "SCO"]
[SourceTitle "EXT 2023"]
[Source "ChessBase"]
[SourceDate "2022.10.05"]
[SourceVersion "1"]
[SourceVersionDate "2022.10.05"]
[SourceQuality "1"]

1. d4 Nf6 2. Nf3 b6 3. Bf4 Bb7 4. e3 g6 5. Be2 Bg7 6. c3 0-0 7. Ne5 d6 8. Ng4 Nxg4 9. Bxg4 e5 10. Bg3 Nd7 11. h4 Nf6 12. h5 Bc8 13. Bxc8 Rxc8 14. hxg6 fxg6 15. Bh4 Qe8 16. Nd2 exd4 17. cxd4 d5 18. Bg5 Qe6 19. Bxf6 Bxf6 20. Qe2 c5 21. Rc1 cxd4 22. Rxc8 Rxc8 23. 0-0 dxe3 24. fxe3 Bxb2 25. Qf3 Bg7 26. Qg3 Re8 27. Nf3 Qxe3+ 28. Kh1 Rf8 29. Re1 Qc3 30. Qd6 Qc4 31. Qe6+ Kh8 32. Ne5 Qh4+ 33. Qh3 Qxe1+ 34. Kh2 Bxe5+ 35. g3 Rf2+ 0-1

[Event "BFCC-40 email"]
[Site "England"]
[Date "2002.??.??"]
[Round "?"]
[White "Runting, Timothy E"]
[Black "Livie, George WG"]
[Result "1-0"]
[WhiteElo "2426"]
[BlackElo "2303"]
[PlyCount "77"]
[EventDate "2002.05.31"]
[EventType "tourn (corr)"]
[EventRounds "14"]
[EventCountry "ENG"]
[EventCategory "8"]
[SourceTitle "Corr 2006"]
[Source "ChessBase"]
[SourceDate "2006.04.01"]
[SourceVersion "3"]
[SourceVersionDate "2006.04.01"]
[SourceQuality "1"]

1. d4 d5 2. c4 dxc4 3. Nf3 Nf6 4. e3 e6 5. Bxc4 c5 6. 0-0 a6 7. a4 Nc6 8. Qe2 cxd4 9. Rd1 Be7 10. exd4 0-0 11. Nc3 Nd5 12. Qe4 Ncb4 13. Ne5 Bf6 14. Bd3 Nxd3 15. Rxd3 Qd6 16. Rh3 g6 17. Bh6 Rd8 18. Re1 Bd7 19. Qf3 Bc6 20. Ne4 Qb4 21. Bd2 Qe7 22. Nxf6+ Qxf6 23. Qxf6 Nxf6 24. Bg5 Kg7 25. Nxc6 bxc6 26. Rf3 Ng8 27. Bxd8 Rxd8 28. Rd1 Ne7 29. Kf1 Rb8 30. Rd2 Rb4 31. b3 Nf5 32. Rc3 Rb6 33. a5 Rb5 34. Rc5 Rxb3 35. Rxc6 Rb4 36. Rxa6 Nxd4 37. Rd1 e5 38. Ra1 Nc2 39. Ra2 1-0

[Event "Reg Gillman mem-E corr"]
[Site "England"]
[Date "1999.12.01"]
[Round "?"]
[White "Brusila, Heikki"]
[Black "Livie, George WG"]
[Result "1/2-1/2"]
[WhiteElo "2284"]
[BlackElo "2243"]
[PlyCount "112"]
[EventDate "1999.12.01"]
[EventType "tourn (corr)"]
[EventRounds "13"]
[EventCountry "ENG"]
[EventCategory "2"]
[SourceTitle "Corr 2006"]
[Source "ChessBase"]
[SourceDate "2006.04.01"]
[SourceVersion "3"]
[SourceVersionDate "2006.04.01"]
[SourceQuality "1"]

1. e4 e6 2. d4 d5 3. e5 c5 4. c3 Nc6 5. Nf3 Qb6 6. dxc5 Bxc5 7. Qe2 f6 8. b4 Bf8 9. b5 Nce7 10. Be3 Qc7 11. Bd4 Nf5 12. Qb2 Nxd4 13. cxd4 Qa5+ 14. Nfd2 fxe5 15. dxe5 Ne7 16. Bd3 Ng6 17. g3 Qb4 18. Qxb4 Bxb4 19. f4 Bd7 20. a3 Ba5 21. 0-0 Rc8 22. Nb3 Bb6+ 23. Kh1 0-0 24. a4 a6 25. bxa6 bxa6 26. Bxa6 Ra8 27. a5 Rxa6 28. axb6 Rxa1 29. Nxa1 Rb8 30. Nd2 Rxb6 31. Nab3 Ba4 32. Nd4 Be8 33. Ra1 h6 34. Ra8 Kf7 35. Ra7+ Kg8 36. Kg1 Nf8 37. Kf2 Rb4 38. Ke3 Ra4 39. Rb7 Ra3+ 40. Rb3 Ra7 41. g4 Kf7 42. N2f3 g6 43. h3 Bd7 44. Kd2 Bc8 45. Rb8 Bd7 46. Rb3 Ke7 47. Kc3 Ra1 48. f5 exf5 49. gxf5 gxf5 50. Rb6 h5 51. Rh6 f4 52. Rxh5 Rh1 53. Ne2 Rf1 54. Ned4 Rh1 55. Ng5 Rg1 56. Kd2 Rg2+ 1/2-1/2

[Event "Reg Gillman mem-E corr"]
[Site "England"]
[Date "1999.12.01"]
[Round "?"]
[White "Livie, George WG"]
[Black "Hanison, Bernard"]
[Result "1/2-1/2"]
[WhiteElo "2243"]
[BlackElo "2299"]
[PlyCount "49"]
[EventDate "1999.12.01"]
[EventType "tourn (corr)"]
[EventRounds "13"]
[EventCountry "ENG"]
[EventCategory "2"]
[SourceTitle "Corr 2002"]
[Source "ChessBase"]
[SourceDate "2002.05.23"]
[SourceVersion "1"]
[SourceVersionDate "2002.05.23"]
[SourceQuality "1"]

1. e4 e5 2. Nf3 Nc6 3. Bb5 a6 4. Ba4 Nf6 5. 0-0 b5 6. Bb3 Bb7 7. d3 Bc5 8. c3 d6 9. Bg5 0-0 10. d4 Bb6 11. Bd5 h6 12. dxe5 dxe5 13. Bh4 Qd6 14. Bxf6 Qxf6 15. a4 Rab8 16. axb5 axb5 17. Na3 b4 18. Nc4 bxc3 19. bxc3 Bc5 20. Nfd2 Nd8 21. Ra5 Qe7 22. Nb3 Bb6 23. Nxb6 cxb6 24. Ra1 Ne6 25. Qf3 1/2-1/2